Т. 308, № 7; Известия Томского политехнического университета [Известия ТПУ]

Dettagli Bibliografici
Parent link:Известия Томского политехнического университета [Известия ТПУ]/ Томский политехнический университет (ТПУ). Т. 308, № 7.— , 2000-
Lingua:russo
Pubblicazione: 2005
Soggetti:
Natura: MixedMaterials Libro
KOHA link:https://koha.lib.tpu.ru/cgi-bin/koha/opac-detail.pl?biblionumber=170951

MARC

LEADER 00000nam2a2200000 4500
001 170951
005 20231208102202.0
035 |a (RuTPU)RU\TPU\book\185393 
035 |a RU\TPU\book\96160 
090 |a 170951 
100 |a 20091130d2005 k y0rusy50 ca 
101 0 |a rus 
102 |a RU 
105 |a a z 001zb 
200 0 |a Т. 308, № 7 
210 |d 2005 
215 |a 258 с.  |c ил. 
320 |a Библиогр. в конце статей 
461 1 |0 (RuTPU)RU\TPU\book\176237  |t Известия Томского политехнического университета [Известия ТПУ]  |f Томский политехнический университет (ТПУ)  |v Т. 308, № 7  |d 2000- 
600 1 |a Сипайлов  |b Г. А.  |g Геннадий Антонович  |c российский ученый  |c электромеханик  |f 1920-  |c профессор Томского политехнического университета  |y Томск  |2 stltpush  |3 (RuTPU)RU\TPU\pers\12400 
601 0 2 |a Томский политехнический университет (ТПУ)  |c (1991- )  |2 stltpush  |3 (RuTPU)RU\TPU\col\376 
606 |a Инженерное дело  |2 stltpush  |3 (RuTPU)RU\TPU\subj\12589  |9 39351 
610 1 |a технические вузы 
610 1 |a Сибирь 
610 1 |a Томск 
610 1 |a естественные науки 
610 1 |a технические науки 
610 1 |a социально-экономические науки 
610 1 |a общественные науки 
610 1 |a кафедра начертательной геометрии и графики 
610 1 |a история 
610 1 |a труды учёных ТПУ 
675 |a 62  |v 3 
801 1 |a RU  |b 63413507  |c 20060125  |g PSBO 
801 2 |a RU  |b 63413507  |c 20221208  |g PSBO 
942 |c CR